000 01020nam a2200265 a 4500
001 000005243
003 OSt
005 20200929151623.0
008 090818s2002 sp a 000 0 spa d
020 _a8400081072
040 _aDO-SdBNP
_bspa
_cBNPHU
082 _axxxx
_bL431c
245 0 4 _aLos lazos de la cultura :
_bel centro de estudios históricos de Madrid y la Universidad de Puerto Rico /
_ceditores Consuelo Naranjo...[et.al.]. ; prólogo José Luis Vega.
260 _aMadrid, España :
_bCSIC,
_c2002.
300 _a412 p. :
_bil. ;
_c24 cm.
490 1 _aTierra nueva e cielo nuevo
_v46
504 _aIncluye referencias bibliográficas y notas al pie de las páginas
504 _aBibliografía : p. 387-412
700 1 _aLuque, María Dolores,
_eed.
_914959
700 1 _aPuig_Samper, Miguel Ángel,
_eed.
_914960
700 1 _aVega, José Luis,
_epról.
_914961
710 1 _aCentro Superior de Investigaciones Cientifícas
_914962
830 0 _aTierra nueva e cielo nuevo
_n46
_914963
942 _2ddc
_cLF1
999 _c5044
_d5044